Who prepares wins (Record no. 70707)

MARC details
000 -LEADER
fixed length control field 00901cam a2200217 4500
001 - CONTROL NUMBER
control field ABS65600
008 - FIXED-LENGTH DATA ELEMENTS--GENERAL INFORMATION
fixed length control field 020710n2002 000 0 eng u
035 ## - SYSTEM CONTROL NUMBER
System control number (Sirsi) u118770
100 ## - MAIN ENTRY--PERSONAL NAME
Personal name Helps, D.
245 ## - TITLE STATEMENT
Title Who prepares wins
260 ## - PUBLICATION, DISTRIBUTION, ETC.
Date of publication, distribution, etc. 2002
490 ## - SERIES STATEMENT
Series statement Building
Volume/sequential designation (8258) 21 June 2002, 53(1)
520 ## - SUMMARY, ETC.
Summary, etc. Argues mediation might promise much but without adequate preparation there may be too much to cover and the process may degenerate into a slanging match. The right conditions have to be in place for a successful result. Mentions two examples and suggests that in one instance one of the parties entered into the process with no intention of making a significant move towards settlement.
590 ## - LOCAL NOTE (RLIN)
Local note ABS
650 ## - SUBJECT ADDED ENTRY--TOPICAL TERM
Topical term or geographic name entry element MEDIATION
650 ## - SUBJECT ADDED ENTRY--TOPICAL TERM
Topical term or geographic name entry element CIVIL PROCEDURE RULES
650 ## - SUBJECT ADDED ENTRY--TOPICAL TERM
Topical term or geographic name entry element LITIGATION
650 ## - SUBJECT ADDED ENTRY--TOPICAL TERM
Topical term or geographic name entry element PREPARATION WORK
690 ## - LOCAL SUBJECT ADDED ENTRY--TOPICAL TERM (OCLC, RLIN)
Topical term or geographic name as entry element Dispute resolution
9 (RLIN) 6236
942 ## - ADDED ENTRY ELEMENTS (KOHA)
Suppress in OPAC 0
Holdings
Withdrawn status Lost status Source of classification or shelving scheme Damaged status Not for loan Home library Current library Shelving location Date acquired Total Checkouts Full call number Barcode Date last seen Copy number Price effective from Koha item type
    Dewey Decimal Classification     London London Journal article 10/07/2002   ABS65600 118770-1001 06/08/2019 1 06/08/2019 Journal article